00847cam a2200205 a 450000100100000000500170001000800410002704000220006808200220009024501130011226000870022530000210031265000300033365000320036370000420039591000340043791000300047195201250050199900150062600000258820200929150223.0931209s1979 pn 000 p spa d aDO-SdBNPcKUdDLC aPa861.4408bA542l00aAncón liberado :bversos de lucha y protesta : antología poética /ceditor, Moisés Torrijos Herrera. aPanamá :b[s.n.],c1979fTalleres Gráficos del Centro de Impresión Educativa a240 p. ;c19 cm. 4aPoesía panameña94260 4aLiteratura panameña942611 aTorrijos Herrera, Moiséseed.98153 aCatalogación por copia / LC aJornada de catalogación 001052708MOaGRbGRcHDd2009-07-06iLF1l0oPa861.4408 A542lp2588-10r2020-06-25w2020-06-25y2ZPréstamo interno c2424d2424